Drain Gang Songs - Synonyms - Statistics

General Stats
  • This quiz has been taken 47 times
  • The average score is 7 of 15
Answer Stats
Hint Answer % Correct
Compliant Bladee Ft. Ecco2k Obedient
86%
Young Women Only Desire Frivolity Bladee & Ecco2k Girls Just Want to Have Fun
83%
A compound characterized by an O-O covalent single bond Ecco2k Peroxide
72%
Sucrose Bladee Sugar
69%
Crystalline, Solid Forms of Carbon Thaiboy Digital Ft. Yung Lean Diamonds
52%
Triple Sun Reassemble Thaiboy Digital & Bladee 3 Star Reunite
48%
What Person is at this Location Bladee Who Goes There
45%
Real Affection Thaiboy Digital True Love
41%
Occidental Alliance Bladee, Ecco2k, Thaiboy Digital Western Union
34%
Popular Bladee Trendy
31%
Appearing In Person Ecco2k In The Flesh
24%
Jinx Bladee Hex
21%
Uneasy Thaiboy Digital Nervous
21%
Injured Party Bladee, Thaiboy Digital, Ecco2k Victim
21%
Question Nephrite Bladee Ask Jade
14%
No matching quizzes found
Score Distribution
Percent of People with Each Score
Percentile by Number Answered
Your Score History
You have not taken this quiz